000 00593nam a22002417a 4500
003 UA-OsUOA
001 25847
007 ta
008 20040428b un ||||| |||| 00| 0 ukr d
090 _a364(075.8)
_bТ33
942 _cBK
040 _aUA-OsUOA
_brus
_cUA-OsUOA
_dUA-OsUOA
245 _aТеория социальной работы
_cРед. Е.И.Холостова
300 _a334 с.
955 _a0
041 _arus
080 _a364(075.8)
020 _a5-7975-0060-4
260 _aМосква
_bЮристъ
_c2001
044 _aRU
650 7 _2UDC
999 _c312152
_d312152